| 000 | 01024nam a22002057a 4500 | ||
|---|---|---|---|
| 999 |
_c59223 _d59223 |
||
| 003 | Ge_BSU | ||
| 005 | 20221215142534.0 | ||
| 008 | 221215s1984ge xxu||||| |||| 00| 0 geo d | ||
| 041 | _ageo | ||
| 080 | _a821.353.1-32 ყ-19 | ||
| 100 |
_aყაზბეგი, ალექსანდრე, 1848-1893, ავტორი. _916435 |
||
| 245 |
_aელგუჯა ; ხევისბერი გოჩა : _b [მოთხრობები] / _cალ. ყაზბეგი ; შესავალი წერილი... ლ. მინაშვილისა. |
||
| 264 |
_aთბილისი : _b თბილ. უნ-ტის გამ-ბა, _c1984. |
||
| 300 |
_a352 გვ. : _bილ ; _c20 სმ. |
||
| 501 | _aლექსიკონი: გვ. 340-351. | ||
| 653 | _aელგუჯა ; ხევისბერი გოჩა | ||
| 653 | _aმოთხრობები | ||
| 700 |
_aმინაშვილი, ლ _eშესავალი წერილი _916436 |
||
| 942 |
_2udc _cBK |
||